000 00440nam a2200181Ia 4500
003 GCL
008 140319s9999 xx 000 0 eng d
040 _aGCL /
_cGCL
082 0 4 _a843
_bW F
100 1 _aWOOLF, VIRGINIA
245 1 0 _aFLUSH: BIOGRAPHIE /
_cWOOLF, VIRGINIA
260 _a[S.N] :
_bSTOCK ،
_c1979
650 0 4 _aLITERATURE
650 0 4 _aFLUSH
650 0 4 _aFRENCH LITERATURE
650 0 4 _aBIOGRAPHIES
942 _2ddc
_cBK
999 _c12634
_d12634